| 000 | 00884nam a2200289Ia 4500 | ||
|---|---|---|---|
| 001 | F6087 | ||
| 003 | IT-RoPAU | ||
| 008 | 130308s9999 xx 000 0 und d | ||
| 040 | _aIT-RoPAU | ||
| 040 | _cIT-RoPAU | ||
| 041 | _aITALIANO | ||
| 100 | _aHaffner Pierre | ||
| 100 | _gCodice Aut. SPICS: 21980 | ||
| 245 | _aTempo (Il) | ||
| 245 | _bNascita del Cinema in Africa (La). Il Cinema dell'Africa Sub-Sahariana Dalle Origini al 1975 | ||
| 250 | _a1a ed. | ||
| 260 | _aTORINO | ||
| 260 | _bLindau | ||
| 260 | _c1998 [1° Ed.:1998 - Ed.Ling.Originale:1979] | ||
| 300 | _a"4 p. (prefazione: no ; testo: 4 [pagine: 209-212])" | ||
| 500 | _aRiflessioni Critiche Sul Cinema Africano. Tratto da Essai Sur Les Fondements Du Cinema Africain. | ||
| 650 | _aSTORIA NAZIONALE DEL CINEMA | ||
| 650 | _eCodice materia Spics: 6809 | ||
| 942 | _cBK | ||
| 957 | _71 | ||
| 999 |
_c83573 _d83573 |
||
| 999 | _g1 | ||